Statistics for Kingdoms by Monarchs

Click here to take the quiz!

General Stats

  • This quiz has been taken 87 times
  • The average score is 21 of 27

Answer Stats

MonarchCountry% Correct
Queen Elizabeth IIUnited Kingdom
100%
Felipe VISpain
96%
King SalmanSaudi Arabia
93%
Queen Margrethe IIDenmark
91%
Emperor AkihitoJapan
88%
King Harald VNorway
88%
King Carl XVI GustafSweden
88%
King PhilippeBelgium
84%
King Willem-AlexanderNetherlands
84%
King Abdullah IIJordan
81%
Prince Albert IIMonaco
81%
Prince Hans Adam IILiechtenstein
80%
Tamim bin Hamad Al ThaniQatar
80%
Grand Duke HenriLuxembourg
79%
King Maha VajiralongkornThailand
79%
King Muhammad VIMorocco
77%
Sultan Qaboos ibn Sa'idOman
75%
King Hamad bin Isa al-KhalifaBahrain
73%
King Letsie IIILesotho
73%
King Mswati IIISwaziland
72%
Sultan Haji Hassanal BolkiaBrunei
71%
Jigme Khesar Namgyel WangchuckBhutan
67%
Sabah Al-Ahmad Al-Jaber Al-SabahKuwait
67%
King Norodom SihamoniCambodia
59%
King Tupou VITonga
59%
Muhammad V of KelantanMalaysia
48%
Va'aletoa Sualauvi IISamoa
43%

Score Distribution

Percentile by Number Answered

Percent of People with Each Score

Your Score History

You have not taken this quiz